000 00768nam a2200253 i 4500
001 000037667
003 DO-SdBNP
005 20260302114738.0
007 ta
008 121024s2011 dr 000 0 spa d
020 _a9789945473414
040 _aDO-SdBNP
_bspa
_cBNPHU
_erda
082 4 _axxxx
_bA185m
_222
100 1 _aAcosta, José,
_d1964-
_eautor
_4aut.
_924351
245 1 3 _aLa multitud /
_cJosé Acosta.
264 1 _aSanto Domingo :
_bEditora Santuario,
_c2011.
300 _a177 páginas ;
_c23 cm.
336 _atexto
_btxt
_2rdacontent
337 _asin mediación
_bn
_2rdamedia
338 _avolumen
_bnc
_2rdacarrier
500 _aIncluye datos biográficos del autor en la solapa de la cubierta
590 _aInventariado, 2025/BT
942 _2ddc
_cLBS1
999 _c37157
_d37157